000 00794nam a2200253 i 4500
001 77599
003 ES-MaACL
005 20230906173307.0
007 t|
008 041025s2003 sp ||||1| spa d
020 _a84-96136-01-9
080 _a929 Berck, Marga
100 1 _aBerck, Marga.
_927851
245 1 3 _aUn verano en Lesmona
_b: (con cartas de Thomas Mann, Marga Berck y Katia Mann) /
_cMarga Berck ; traducción de Susana Tornero.
250 _a1ª ed.
260 _aBarcelona :
_bEl Acantilado,
_c2003.
300 _a254 p. ;
_c21 cm.
490 1 _aAcantilado ;
_v68
600 1 4 _aBerck, Marga-
_vCorrespondencia.
_927852
700 1 _aTornero, Susana.
_9110669
830 0 _aAcantilado ;
_v68
_9182222
852 _aES-MaACL
_jL-28340
_bR.134189
999 _c77599
_d77599